Taylor Swift - Begin Again Lyrics - Statistics

General Stats
  • This quiz has been taken 873 times
  • The average score is 283 of 337
Answer Stats
Answer % Correct
a
100%
i
100%
be
98%
it
98%
but
97%
in
97%
he
96%
you
96%
again
95%
and
95%
begin
95%
do
95%
on
95%
the
95%
we
95%
did
93%
like
93%
cafe
92%
is
91%
watched
91%
wednesday
91%
that
90%
never
89%
to
89%
when
89%
who
89%
your
89%
cause
88%
i'm
88%
it's
88%
ever
87%
think
87%
funny
85%
head
85%
little
85%
all
84%
kid
84%
back
83%
i've
83%
end
81%
laughing
81%
love
81%
me
81%
break
80%
burn
80%
didn't
80%
does
80%
high
80%
strange
80%
throw
80%
walk
80%
been
79%
heels
79%
last
79%
months
79%
thinking
79%
don't
78%
my
78%
wore
78%
eight
77%
know
77%
said
77%
as
76%
spending
75%
how
70%
records
70%
this
68%
walked
68%
get
67%
james
67%
taylor
67%
girl
66%
had
66%
many
66%
mirror
66%
nice
66%
christmas
65%
song
65%
you'd
65%
breath
64%
deep
64%
early
64%
every
64%
for
64%
about
63%
always
63%
chair
63%
family
63%
got
63%
late
63%
met
63%
out
63%
talk
63%
Took
63%
why
62%
here
61%
movies
61%
shy
61%
time
61%
past
60%
pull
60%
first
59%
off
59%
one
59%
put
59%
single
59%
watches
59%
expecting
58%
car
57%
stand
57%
up
57%
coming
56%
headphones
56%
help
56%
him
56%
almost
55%
start
54%
down
52%
what's
52%
brought
50%
turn
48%
lock
46%
want
44%
tell
41%
wave
41%
stories
38%
block
37%
No matching quizzes found
Score Distribution
Percent of People with Each Score
Percentile by Number Answered
Your Score History
You have not taken this quiz